[Event "2023 Welsh Championship"]
[Site "Cardiff"]
[Date "2023.04.08"]
[Round "4"]
[Board "7"]
[White "Turner, Joseph David"]
[Black "Pleasants, Allan J"]
[Result "0-1"]
[WhiteElo "1862"]
[BlackElo "1975"]
[PlyCount "0"]
[EventDate "2023.04.07"]
[EventRounds "7"]
[EventCountry "WLS"]

1. e4 {[%clk 01:30:59]} {[%emt 00:18:43]} d6 {[%clk 01:30:55]} {[%emt
00:00:06]} 2. d4 {[%clk 01:31:21]} {[%emt 00:00:08]} g6 {[%clk 01:31:21]}
{[%emt 00:00:04]} 3. Nc3 {[%clk 01:31:23]} {[%emt 00:00:28]} Bg7 {[%clk
01:31:46]} {[%emt 00:00:06]} 4. Be3 {[%clk 01:25:33]} {[%emt 00:06:19]} a6
{[%clk 01:30:50]} {[%emt 00:01:27]} 5. f4 {[%clk 01:23:23]} {[%emt 00:02:39]}
b5 {[%clk 01:27:37]} {[%emt 00:03:44]} 6. Qd2 {[%clk 01:22:08]} {[%emt
00:01:46]} Nd7 {[%clk 01:26:38]} {[%emt 00:01:29]} 7. Nf3 {[%clk 01:19:08]}
{[%emt 00:03:29]} Bb7 {[%clk 01:25:06]} {[%emt 00:02:02]} 8. e5 {[%clk
01:11:01]} {[%emt 00:08:37]} Nb6 {[%clk 01:22:13]} {[%emt 00:03:24]} 9. b4
{[%clk 01:04:05]} {[%emt 00:07:26]} e6 {[%clk 01:14:53]} {[%emt 00:07:50]} 10.
a4 {[%clk 00:57:48]} {[%emt 00:06:47]} bxa4 {[%clk 01:11:56]} {[%emt 00:03:28]}
11. Nxa4 {[%clk 00:58:04]} {[%emt 00:00:13]} Nxa4 {[%clk 01:08:17]} {[%emt
00:04:09]} 12. Rxa4 {[%clk 00:57:31]} {[%emt 00:01:03]} Ne7 {[%clk 01:08:11]}
{[%emt 00:00:35]} 13. Be2 {[%clk 00:53:26]} {[%emt 00:04:35]} Qd7 {[%clk
01:06:11]} {[%emt 00:02:31]} 14. Ra2 {[%clk 00:47:22]} {[%emt 00:06:34]} Nd5
{[%clk 01:02:42]} {[%emt 00:03:59]} 15. c4 {[%clk 00:45:27]} {[%emt 00:02:25]}
Nb6 {[%clk 01:01:17]} {[%emt 00:01:55]} 16. O-O {[%clk 00:42:31]} {[%emt
00:03:26]} O-O {[%clk 00:55:35]} {[%emt 00:06:12]} 17. Rfa1 {[%clk 00:39:48]}
{[%emt 00:03:13]} d5 {[%clk 00:47:58]} {[%emt 00:08:07]} 18. cxd5 {[%clk
00:37:47]} {[%emt 00:02:30]} Nxd5 {[%clk 00:47:23]} {[%emt 00:01:04]} 19. Bxa6
{[%clk 00:37:31]} {[%emt 00:00:47]} Bxa6 {[%clk 00:47:36]} {[%emt 00:00:17]} 20.
Rxa6 {[%clk 00:37:24]} {[%emt 00:00:37]} Rxa6 {[%clk 00:47:59]} {[%emt
00:00:07]} 21. Rxa6 {[%clk 00:37:49]} {[%emt 00:00:05]} Qb5 {[%clk 00:47:36]}
{[%emt 00:00:53]} 22. Ra5 {[%clk 00:29:21]} {[%emt 00:08:58]} Qxb4 {[%clk
00:46:01]} {[%emt 00:02:05]} 23. Qxb4 {[%clk 00:27:55]} {[%emt 00:01:56]} Nxb4
{[%clk 00:46:26]} {[%emt 00:00:06]} 24. Bd2 {[%clk 00:25:11]} {[%emt 00:03:14]}
Nd5 {[%clk 00:46:11]} {[%emt 00:00:44]} 25. Rc5 {[%clk 00:22:50]} {[%emt
00:02:50]} Rb8 {[%clk 00:45:28]} {[%emt 00:01:13]} 26. g3 {[%clk 00:19:16]}
{[%emt 00:04:04]} Bf8 {[%clk 00:44:42]} {[%emt 00:01:16]} 27. Rc2 {[%clk
00:17:19]} {[%emt 00:02:27]} Be7 {[%clk 00:43:53]} {[%emt 00:01:18]} 28. Kf2
{[%clk 00:16:28]} {[%emt 00:01:20]} Kf8 {[%clk 00:43:49]} {[%emt 00:00:34]} 29.
Ba5 {[%clk 00:11:42]} {[%emt 00:05:17]} Ke8 {[%clk 00:41:46]} {[%emt 00:02:33]}
30. Nd2 {[%clk 00:10:54]} {[%emt 00:01:18]} Ra8 {[%clk 00:38:55]} {[%emt
00:03:20]} 31. Nc4 {[%clk 00:09:54]} {[%emt 00:01:31]} Bd8 {[%clk 00:33:53]}
{[%emt 00:05:32]} 32. Bd2 {[%clk 00:08:09]} {[%emt 00:02:16]} Kd7 {[%clk
00:32:35]} {[%emt 00:01:48]} 33. Na5 {[%clk 00:07:27]} {[%emt 00:01:12]} Ra6
{[%clk 00:26:02]} {[%emt 00:07:02]} 34. Nb3 {[%clk 00:05:22]} {[%emt 00:02:36]}
Be7 {[%clk 00:26:00]} {[%emt 00:00:31]} 35. Ba5 {[%clk 00:03:53]} {[%emt
00:01:59]} Rc6 {[%clk 00:25:07]} {[%emt 00:01:24]} 36. Rd2 {[%clk 00:02:40]}
{[%emt 00:01:42]} Rc4 {[%clk 00:24:01]} {[%emt 00:01:35]} 37. Rd3 {[%clk
00:02:21]} {[%emt 00:00:51]} Kc6 {[%clk 00:17:44]} {[%emt 00:06:47]} 38. Bd2
{[%clk 00:02:23]} {[%emt 00:00:26]} Rc2 {[%clk 00:16:50]} {[%emt 00:01:24]} 39.
Ke1 {[%clk 00:02:06]} {[%emt 00:00:47]} Kb5 {[%clk 00:15:43]} {[%emt 00:01:36]}
40. Kd1 {[%clk 00:02:17]} {[%emt 00:00:20]} Ra2 {[%clk 00:15:10]} {[%emt
00:01:03]} 41. Nc1 {[%clk 00:02:17]} {[%emt 00:00:29]} Kc4 {[%clk 00:07:18]}
{[%emt 00:08:23]} 42. Ke2 {[%clk 00:02:20]} {[%emt 00:00:27]} Rc2 {[%clk
00:06:57]} {[%emt 00:00:48]} 43. Nb3 {[%clk 00:24:55]} {[%emt 00:07:59]} Bb4
{[%clk 00:32:03]} {[%emt 00:05:23]} 44. Na1 {[%clk 00:24:59]} {[%emt 00:00:26]}
Ra2 {[%clk 00:31:27]} {[%emt 00:01:06]} 45. Nb3 {[%clk 00:25:09]} {[%emt
00:00:21]} Nc3+ {[%clk 00:31:28]} {[%emt 00:00:29]} 46. Ke3 {[%clk 00:25:15]}
{[%emt 00:00:25]} Kxb3 {[%clk 00:31:06]} {[%emt 00:00:53]} 47. Bxc3 {[%clk
00:25:24]} {[%emt 00:00:21]} Bxc3 {[%clk 00:31:16]} {[%emt 00:00:19]} 48. d5
{[%clk 00:25:50]} {[%emt 00:00:04]} exd5 {[%clk 00:25:34]} {[%emt 00:06:12]} 49.
Rxd5 {[%clk 00:26:09]} {[%emt 00:00:12]} Rxh2 {[%clk 00:25:25]} {[%emt
00:00:39]} 50. Rd7 {[%clk 00:26:25]} {[%emt 00:00:12]} c5 {[%clk 00:24:36]}
{[%emt 00:01:21]} 51. Rxf7 {[%clk 00:26:42]} {[%emt 00:00:13]} Rh1 {[%clk
00:21:05]} {[%emt 00:04:01]} 52. Kf2 {[%clk 00:23:17]} {[%emt 00:03:54]} Bd4+
{[%clk 00:17:04]} {[%emt 00:04:31]} 53. Kg2 {[%clk 00:23:27]} {[%emt 00:00:19]}
Re1 {[%emt 00:01:44]} 54. Rxh7 {[%clk 00:23:17]} {[%emt 00:00:31]} c4 {[%clk
00:15:08]} {[%emt 00:01:22]} 55. Rb7+ {[%clk 00:21:31]} {[%emt 00:02:16]} Kc2
{[%clk 00:14:53]} {[%emt 00:00:44]} 56. Rd7 {[%clk 00:21:49]} {[%emt 00:00:13]}
Kd3 {[%clk 00:14:02]} {[%emt 00:01:22]} 57. Kf3 {[%clk 00:19:48]} {[%emt
00:02:31]} c3 {[%clk 00:13:58]} {[%emt 00:00:34]} 58. Rc7 {[%clk 00:20:08]}
{[%emt 00:00:10]} c2 {[%clk 00:14:02]} {[%emt 00:00:27]} 59. Rxc2 {[%clk
00:20:33]} {[%emt 00:00:05]} Kxc2 {[%clk 00:14:27]} {[%emt 00:00:05]} 60. Kg4
{[%clk 00:20:58]} {[%emt 00:00:05]} Bxe5 {[%clk 00:13:56]} {[%emt 00:01:02]}
 0-1

[Event "2023 Welsh Championship"]
[Site "Cardiff"]
[Date "2023.04.08"]
[Round "4"]
[Board "8"]
[White "Smith, Lynda"]
[Black "Rathbone-Jones, Ifan"]
[Result "1/2-1/2"]
[WhiteElo "1786"]
[BlackElo "1946"]
[PlyCount "0"]
[EventDate "2023.04.07"]
[EventRounds "7"]
[EventCountry "WLS"]

1. e4 {[%clk 01:30:30]} {[%emt 00:00:32]} d5 {[%clk 01:30:54]} {[%emt
00:00:13]} 2. exd5 {[%clk 01:31:23]} {[%emt 00:00:05]} Nf6 {[%clk 01:31:18]}
{[%emt 00:00:05]} 3. Nc3 {[%clk 01:31:42]} {[%emt 00:00:11]} c6 {[%clk
01:31:41]} {[%emt 00:00:07]} 4. dxc6 {[%clk 01:31:55]} {[%emt 00:00:18]} Nxc6
{[%clk 01:32:05]} {[%emt 00:00:06]} 5. Nf3 {[%clk 01:32:01]} {[%emt 00:00:23]}
e5 {[%clk 01:32:20]} {[%emt 00:00:15]} 6. d3 {[%clk 01:32:02]} {[%emt
00:00:30]} Bc5 {[%clk 01:32:04]} {[%emt 00:00:45]} 7. Be2 {[%clk 01:31:42]}
{[%emt 00:00:51]} h6 {[%clk 01:30:51]} {[%emt 00:01:43]} 8. O-O {[%clk
01:30:33]} {[%emt 00:01:39]} O-O {[%clk 01:31:10]} {[%emt 00:00:10]} 9. h3
{[%clk 01:30:09]} {[%emt 00:00:54]} Be6 {[%clk 01:30:43]} {[%emt 00:00:58]} 10.
Na4 {[%clk 01:29:11]} {[%emt 00:01:28]} Bd6 {[%clk 01:28:45]} {[%emt 00:02:27]}
11. Be3 {[%clk 01:28:01]} {[%emt 00:01:41]} Nd5 {[%clk 01:27:42]} {[%emt
00:01:33]} 12. Bc5 {[%clk 01:27:00]} {[%emt 00:01:30]} Nf4 {[%clk 01:26:40]}
{[%emt 00:01:32]} 13. Bxd6 {[%clk 01:26:39]} {[%emt 00:00:51]} Qxd6 {[%clk
01:26:53]} {[%emt 00:00:17]} 14. Nc3 {[%clk 01:19:49]} {[%emt 00:07:20]} Bxh3
{[%clk 01:22:28]} {[%emt 00:04:55]} 15. Ne4 {[%clk 01:11:58]} {[%emt 00:08:21]}
Qd7 {[%clk 01:22:37]} {[%emt 00:00:20]} 16. Nh4 {[%clk 01:10:27]} {[%emt
00:02:02]} Nd4 {[%clk 01:17:46]} {[%emt 00:05:22]} 17. Bf3 {[%clk 01:06:54]}
{[%emt 00:04:03]} Bxg2 {[%clk 01:11:21]} {[%emt 00:06:55]} 18. Nxg2 {[%clk
01:03:30]} {[%emt 00:03:53]} Qh3 {[%clk 01:11:40]} {[%emt 00:00:11]} 19. Ne1
{[%clk 01:00:18]} {[%emt 00:03:42]} Qh4 {[%clk 00:55:38]} {[%emt 00:16:32]} 20.
Ng2 {[%clk 00:55:17]} {[%emt 00:05:31]} Qh3 {[%clk 00:55:42]} {[%emt 00:00:26]}
21. Ne1 {[%clk 00:55:28]} {[%emt 00:00:19]} f5 {[%clk 00:39:58]} {[%emt
00:16:15]} 22. Ng3 {[%clk 00:51:36]} {[%emt 00:04:21]} Rf6 {[%clk 00:40:20]}
{[%emt 00:00:09]} 23. c3 {[%clk 00:49:40]} {[%emt 00:02:26]} Nde6 {[%clk
00:39:42]} {[%emt 00:01:08]} 24. Bg2 {[%clk 00:48:16]} {[%emt 00:01:54]} Nxg2
{[%clk 00:38:41]} {[%emt 00:01:31]} 25. Nxg2 {[%clk 00:47:39]} {[%emt
00:01:06]} f4 {[%clk 00:38:32]} {[%emt 00:00:40]} 26. Qh5 {[%clk 00:45:14]}
{[%emt 00:02:55]} Qxh5 {[%clk 00:37:57]} {[%emt 00:01:05]} 27. Nxh5 {[%clk
00:45:38]} {[%emt 00:00:05]} Rg6 {[%clk 00:36:35]} {[%emt 00:01:52]} 28. Kh1
{[%clk 00:45:03]} {[%emt 00:01:06]} Rf8 {[%clk 00:32:39]} {[%emt 00:04:27]} 29.
f3 {[%clk 00:40:17]} {[%emt 00:05:16]} Rf5 {[%clk 00:32:01]} {[%emt 00:01:07]}
30. Nhxf4 {[%clk 00:38:46]} {[%emt 00:02:01]} Nxf4 {[%clk 00:32:18]} {[%emt
00:00:13]} 31. Nxf4 {[%clk 00:38:52]} {[%emt 00:00:24]} exf4 {[%clk 00:30:21]}
{[%emt 00:02:28]} 32. Rf2 {[%clk 00:38:44]} {[%emt 00:00:38]} Re5 {[%clk
00:26:25]} {[%emt 00:04:26]} 33. Rg1 {[%clk 00:36:19]} {[%emt 00:02:54]} Kf7
{[%clk 00:21:12]} {[%emt 00:05:43]} 34. Rxg6 {[%clk 00:35:59]} {[%emt
00:00:50]} Kxg6 {[%clk 00:21:37]} {[%emt 00:00:05]} 35. Kg2 {[%clk 00:36:06]}
{[%emt 00:00:22]} Kf5 {[%clk 00:21:01]} {[%emt 00:01:06]} 36. d4 {[%clk
00:35:28]} {[%emt 00:01:09]} Re7 {[%clk 00:14:31]} {[%emt 00:06:59]} 37. Rd2
{[%clk 00:35:04]} {[%emt 00:00:53]} g5 {[%clk 00:14:34]} {[%emt 00:00:27]} 38.
c4 {[%clk 00:34:41]} {[%emt 00:00:53]} Rd7 {[%clk 00:12:44]} {[%emt 00:02:20]}
39. b3 {[%clk 00:32:18]} {[%emt 00:02:54]} h5 {[%clk 00:12:38]} {[%emt
00:00:36]} 40. d5 {[%clk 00:32:27]} {[%emt 00:00:21]} b6 {[%clk 00:07:25]}
{[%emt 00:05:43]} 41. Re2 {[%clk 00:32:34]} {[%emt 00:00:23]} Rd6 {[%clk
00:03:41]} {[%emt 00:04:13]} 42. Re7 {[%clk 00:30:47]} {[%emt 00:02:16]} a5
{[%clk 00:04:00]} {[%emt 00:00:12]}  1/2-1/2

[Event "2023 Welsh Championship"]
[Site "Cardiff"]
[Date "2023.04.08"]
[Round "4"]
[Board "9"]
[White "Davis, Lee"]
[Black "Mckenna, Joshua"]
[Result "1-0"]
[WhiteElo "1906"]
[BlackElo "1688"]
[PlyCount "0"]
[EventDate "2023.04.07"]
[EventRounds "7"]
[EventCountry "WLS"]

1. d4 {[%clk 01:18:49]} {[%emt 00:12:10]} Nf6 {[%clk 01:30:48]} {[%emt
00:00:12]} 2. c4 {[%clk 01:18:15]} {[%emt 00:01:05]} g6 {[%clk 01:31:07]}
{[%emt 00:00:10]} 3. g3 {[%clk 01:18:41]} {[%emt 00:00:05]} Bg7 {[%clk
01:31:28]} {[%emt 00:00:09]} 4. Bg2 {[%clk 01:19:07]} {[%emt 00:00:04]} O-O
{[%clk 01:31:17]} {[%emt 00:00:42]} 5. Nc3 {[%clk 01:19:21]} {[%emt 00:00:15]}
c6 {[%clk 01:30:42]} {[%emt 00:01:04]} 6. Nf3 {[%clk 01:19:40]} {[%emt
00:00:11]} d5 {[%clk 01:28:29]} {[%emt 00:02:43]} 7. cxd5 {[%clk 01:20:05]}
{[%emt 00:00:06]} Nxd5 {[%clk 01:28:55]} {[%emt 00:00:04]} 8. e4 {[%clk
01:20:23]} {[%emt 00:00:12]} Nxc3 {[%clk 01:28:23]} {[%emt 00:01:03]} 9. bxc3
{[%clk 01:20:48]} {[%emt 00:00:04]} Bg4 {[%clk 01:27:54]} {[%emt 00:00:58]} 10.
O-O {[%clk 01:20:44]} {[%emt 00:00:35]} c5 {[%clk 01:23:12]} {[%emt 00:05:13]}
11. Bb2 {[%clk 01:20:25]} {[%emt 00:00:49]} cxd4 {[%clk 01:22:41]} {[%emt
00:01:01]} 12. cxd4 {[%clk 01:20:49]} {[%emt 00:00:06]} Nc6 {[%clk 01:22:07]}
{[%emt 00:01:04]} 13. e5 {[%clk 01:19:14]} {[%emt 00:02:05]} e6 {[%clk
01:18:19]} {[%emt 00:04:17]} 14. h3 {[%clk 01:13:41]} {[%emt 00:06:03]} Bxf3
{[%clk 01:17:58]} {[%emt 00:00:51]} 15. Bxf3 {[%clk 01:14:02]} {[%emt
00:00:09]} Qe7 {[%clk 01:08:06]} {[%emt 00:10:22]} 16. Qa4 {[%clk 01:07:31]}
{[%emt 00:07:01]} Qd7 {[%clk 01:03:27]} {[%emt 00:05:08]} 17. Bxc6 {[%clk
01:06:03]} {[%emt 00:01:59]} Qxc6 {[%clk 01:03:45]} {[%emt 00:00:11]} 18. Qxc6
{[%clk 01:05:52]} {[%emt 00:00:42]} bxc6 {[%clk 01:04:08]} {[%emt 00:00:07]} 19.
Rfc1 {[%clk 01:02:18]} {[%emt 00:04:03]} Rab8 {[%clk 01:00:38]} {[%emt
00:04:00]} 20. Ba3 {[%clk 01:02:19]} {[%emt 00:00:29]} Rfd8 {[%clk 00:59:37]}
{[%emt 00:01:30]} 21. Bd6 {[%clk 00:55:53]} {[%emt 00:06:57]} Rbc8 {[%clk
00:57:37]} {[%emt 00:02:30]} 22. Rc4 {[%clk 00:52:07]} {[%emt 00:04:16]} Bf8
{[%clk 00:54:45]} {[%emt 00:03:22]} 23. Bxf8 {[%clk 00:52:22]} {[%emt
00:00:15]} Kxf8 {[%clk 00:55:10]} {[%emt 00:00:06]} 24. f4 {[%clk 00:51:50]}
{[%emt 00:01:02]} Rd7 {[%clk 00:51:08]} {[%emt 00:04:31]} 25. Kf2 {[%clk
00:51:12]} {[%emt 00:01:08]} Ke7 {[%clk 00:47:22]} {[%emt 00:04:16]} 26. Ke3
{[%clk 00:50:40]} {[%emt 00:01:02]} Rdc7 {[%clk 00:46:28]} {[%emt 00:01:23]} 27.
Rac1 {[%clk 00:49:52]} {[%emt 00:01:18]} Kd7 {[%clk 00:41:18]} {[%emt
00:05:41]} 28. Ra4 {[%clk 00:49:22]} {[%emt 00:01:01]} Rb8 {[%clk 00:30:19]}
{[%emt 00:11:29]} 29. Rc5 {[%clk 00:48:31]} {[%emt 00:01:20]} Rbb7 {[%clk
00:28:36]} {[%emt 00:02:13]} 30. Kd2 {[%clk 00:38:48]} {[%emt 00:10:13]} Rb6
{[%clk 00:23:09]} {[%emt 00:05:58]} 31. Rca5 {[%clk 00:31:55]} {[%emt
00:07:23]} Rbb7 {[%clk 00:23:07]} {[%emt 00:00:32]} 32. Kc3 {[%clk 00:29:51]}
{[%emt 00:02:33]} Ke7 {[%clk 00:22:09]} {[%emt 00:01:28]} 33. Kc4 {[%clk
00:27:45]} {[%emt 00:02:36]} Rd7 {[%clk 00:17:59]} {[%emt 00:04:40]} 34. Ra6
{[%clk 00:23:40]} {[%emt 00:04:35]} Rdc7 {[%clk 00:16:25]} {[%emt 00:02:04]} 35.
Rb4 {[%clk 00:21:32]} {[%emt 00:02:39]} Kd7 {[%clk 00:15:09]} {[%emt 00:01:46]}
36. Rxb7 {[%clk 00:20:58]} {[%emt 00:01:04]} Rxb7 {[%clk 00:15:33]} {[%emt
00:00:06]} 37. a4 {[%clk 00:16:54]} {[%emt 00:04:34]} Rc7 {[%clk 00:13:00]}
{[%emt 00:03:03]} 38. Kc5 {[%clk 00:17:04]} {[%emt 00:00:20]} Rb7 {[%clk
00:12:41]} {[%emt 00:00:50]} 39. g4 {[%clk 00:11:43]} {[%emt 00:05:49]} Rb3
{[%clk 00:09:13]} {[%emt 00:03:58]} 40. Rxa7+ {[%clk 00:12:02]} {[%emt
00:00:12]} Ke8 {[%clk 00:09:36]} {[%emt 00:00:07]} 41. Ra8+ {[%clk 00:07:50]}
{[%emt 00:04:42]} Kd7 {[%clk 00:09:18]} {[%emt 00:00:48]} 42. a5 {[%clk
00:08:03]} {[%emt 00:00:18]} Rxh3 {[%clk 00:09:24]} {[%emt 00:00:24]} 43. a6
{[%clk 00:08:20]} {[%emt 00:00:13]} Ra3 {[%clk 00:09:29]} {[%emt 00:00:24]} 44.
a7 {[%clk 00:08:08]} {[%emt 00:00:43]} Kc7 {[%clk 00:09:07]} {[%emt 00:00:52]}
45. Rf8 {[%clk 00:07:46]} {[%emt 00:00:52]} Rxa7 {[%clk 00:09:24]} {[%emt
00:00:14]} 46. Rxf7+ {[%clk 00:07:54]} {[%emt 00:00:22]} Kb8 {[%clk 00:09:48]}
{[%emt 00:00:05]} 47. Rxa7 {[%clk 00:07:52]} {[%emt 00:00:33]} Kxa7 {[%clk
00:10:14]} {[%emt 00:00:04]} 48. g5 {[%clk 00:08:11]} {[%emt 00:00:10]}  1-0

[Event "2023 Welsh Championship"]
[Site "Cardiff"]
[Date "2023.04.09"]
[Round "5"]
[Board "1"]
[White "Kozusek, Daniel"]
[Black "Musson, Adam J"]
[Result "1-0"]
[WhiteElo "2331"]
[BlackElo "2002"]
[PlyCount "0"]
[EventDate "2023.04.07"]
[EventRounds "7"]
[EventCountry "WLS"]

1. d4 {[%clk 01:30:57]} {[%emt 00:00:01]} Nf6 {[%clk 01:30:52]} {[%emt
00:00:08]} 2. c4 {[%clk 01:31:20]} {[%emt 00:00:08]} e6 {[%clk 01:31:17]}
{[%emt 00:00:06]} 3. Nf3 {[%clk 01:31:45]} {[%emt 00:00:05]} d5 {[%clk
01:31:38]} {[%emt 00:00:09]} 4. g3 {[%clk 01:31:47]} {[%emt 00:00:28]} dxc4
{[%clk 01:31:21]} {[%emt 00:00:47]} 5. Bg2 {[%clk 01:31:43]} {[%emt 00:00:34]}
c5 {[%clk 01:31:22]} {[%emt 00:00:29]} 6. Qa4+ {[%clk 01:31:34]} {[%emt
00:00:39]} Nc6 {[%clk 01:30:42]} {[%emt 00:01:11]} 7. O-O {[%clk 01:31:27]}
{[%emt 00:00:37]} Bd7 {[%clk 01:30:13]} {[%emt 00:00:59]} 8. Qxc4 {[%clk
01:31:52]} {[%emt 00:00:05]} b5 {[%clk 01:29:34]} {[%emt 00:01:09]} 9. Qc3
{[%clk 01:32:14]} {[%emt 00:00:09]} b4 {[%clk 01:28:57]} {[%emt 00:01:07]} 10.
Qd3 {[%clk 01:31:01]} {[%emt 00:01:43]} Rc8 {[%clk 01:27:14]} {[%emt 00:02:12]}
11. Rd1 {[%clk 01:20:00]} {[%emt 00:11:31]} cxd4 {[%clk 01:12:56]} {[%emt
00:14:48]} 12. Nxd4 {[%clk 01:17:46]} {[%emt 00:02:45]} Nxd4 {[%clk 01:12:52]}
{[%emt 00:00:34]} 13. Qxd4 {[%clk 01:18:11]} {[%emt 00:00:04]} Bc5 {[%clk
01:13:08]} {[%emt 00:00:14]} 14. Qh4 {[%clk 01:16:31]} {[%emt 00:02:09]} Qb6
{[%clk 01:10:32]} {[%emt 00:03:07]} 15. Bh6 {[%clk 01:13:52]} {[%emt 00:03:10]}
Bxf2+ {[%clk 01:06:40]} {[%emt 00:04:22]} 16. Kh1 {[%clk 01:13:19]} {[%emt
00:01:03]} Nd5 {[%clk 00:54:52]} {[%emt 00:12:18]} 17. Bxg7 {[%clk 01:09:02]}
{[%emt 00:04:47]} Ne3 {[%clk 00:51:51]} {[%emt 00:03:31]} 18. Nd2 {[%clk
01:08:03]} {[%emt 00:01:29]} Bc6 {[%clk 00:41:10]} {[%emt 00:11:11]} 19. Ne4
{[%clk 01:03:16]} {[%emt 00:05:17]} Bxe4 {[%clk 00:40:29]} {[%emt 00:01:11]} 20.
Bxe4 {[%clk 01:03:24]} {[%emt 00:00:21]} Rg8 {[%clk 00:34:35]} {[%emt
00:06:24]} 21. Bd4 {[%clk 01:00:23]} {[%emt 00:03:30]} Qa6 {[%clk 00:27:42]}
{[%emt 00:07:25]} 22. Bc5 {[%clk 00:47:21]} {[%emt 00:13:31]} Nf5 {[%clk
00:25:17]} {[%emt 00:02:55]} 23. Qxh7 {[%clk 00:47:27]} {[%emt 00:00:24]} Bxc5
{[%clk 00:25:23]} {[%emt 00:00:25]} 24. Qxg8+ {[%clk 00:47:30]} {[%emt
00:00:27]} Ke7 {[%clk 00:25:44]} {[%emt 00:00:09]} 25. Qg5+ {[%clk 00:47:27]}
{[%emt 00:00:32]} f6 {[%clk 00:23:47]} {[%emt 00:02:28]} 26. Qh5 {[%clk
00:47:09]} {[%emt 00:00:46]} Rg8 {[%clk 00:17:41]} {[%emt 00:06:39]} 27. Bxf5
{[%clk 00:46:38]} {[%emt 00:01:01]} Qc6+ {[%clk 00:12:58]} {[%emt 00:05:13]} 28.
e4 {[%clk 00:46:34]} {[%emt 00:00:34]}  1-0